Normal view
MARC view
- Urdu Biography
Entry Topical Term
001 - CONTROL NUMBER
- control field: 110721
003 - CONTROL NUMBER IDENTIFIER
- control field: NUST
005 - DATE AND TIME OF LATEST TRANSACTION
- control field: 20230320162917.0
008 - FIXED-LENGTH DATA ELEMENTS
- fixed length control field: 230320|| aca||aabn | a|a d
040 ## - CATALOGING SOURCE
- Original cataloging agency: NUST
- Transcribing agency: NUST
150 ## - HEADING--TOPICAL TERM
- Topical term or geographic name entry element: Urdu Biography
670 ## - SOURCE DATA FOUND
- Source citation: Work cat.: (NUST)187649: Khan, Muhammad Umrao 110720, Eik Gernail Ki Sarguzisht Muhammad Imran Khan
